Procedimientos de liquidación aduaneras a las importandoras de la provincia Sánchez Ramírez/Magderlyn Almánzar Hernández,Geraldine Hernández Faña,Paula Morillo Montero; asesor Jorge Custodio Heredia (Registro nro. 18457)

Detalles MARC
000 -LEADER
fixed length control field 01019nam a22002291a 4500
001 - CONTROL NUMBER
control field 18457
003 - CONTROL NUMBER IDENTIFIER
control field OSt
005 - DATE AND TIME OF LATEST TRANSACTION
control field 20260204212406.0
008 - FIXED-LENGTH DATA ELEMENTS--GENERAL INFORMATION
fixed length control field 180117s2017||||dr ||||||b||||||||||spa||
090 ## - LOCALLY ASSIGNED LC-TYPE CALL NUMBER (OCLC); LOCAL CALL NUMBER (RLIN)
Classification number (OCLC) (R) ; Classification number, CALL (RLIN) (NR) CON 2017 A55
100 1# - ASIENTO PRINCIPAL -- NOMBRE PERSONAL
Personal name Almánzar Hernández,Magderlyn
Relator term sustentante
245 1# - TÍTULO PROPIAMENTE DICHO: SUBTÍTULO
Title Procedimientos de liquidación aduaneras a las importandoras de la provincia Sánchez Ramírez/Magderlyn Almánzar Hernández,Geraldine Hernández Faña,Paula Morillo Montero; asesor Jorge Custodio Heredia
260 ## - PUBLICATION, DISTRIBUTION, ETC.
Place of publication, distribution, etc. Cotuí, República Dominicana :
Name of publisher, distributor, etc. UTECO,
Date of publication, distribution, etc. 2017
264 ## - PRODUCTION, PUBLICATION, DISTRIBUTION, MANUFACTURE, AND COPYRIGHT NOTICE
Place of production, publication, distribution, manufacture Santo Domingo:El Autor
300 ## - PHYSICAL DESCRIPTION
Extensión 55 hojas
502 ## - THESIS NOTE
Dissertation note TeTrabajo de grado (Licenciatura en Contabilidad)--Universidad Tecnológica del Cibao Oriental, 2017
504 ## - BIBLIOGRAPHY, ETC. NOTE
Bibliography, etc. note Incluye referencia bibliográfica e índice
650 #4 - ASIENTO SECUNDARIO DE MATERIA -- TERMINO TOPICO
Asiento secundario de materia Procedimiento de liquidación aduanera--Contabilidad
700 1# - ASIENTO SECUNDARIO -- NOMBRE PERSONAL
Personal name Custodio Heredia, Jorge
830 ## - ASIENTO SECUNDARIO DE SERIE - TÍTULO UNIFORME
Uniform title -> Tesis y disertaciones académicas (Universidad Tecnológica del Cibao Oriental)
942 ## - ADDED ENTRY ELEMENTS (KOHA)
Source of classification or shelving scheme Clasificación Local
Koha item type Tesis
Existencias
Withdrawn status Lost status Source of classification or shelving scheme Damaged status Not for loan Collection code Home library Current library Shelving location Date acquired Inventory number Total Checkouts Full call number Barcode Date last seen Copy number Price effective from Koha item type
    Clasificación Local   Préstamo Interno Trabajos de Grado e Investigación   Biblioteca UTECO En Estantería 09/09/2019 CT-2017-014   CON 2017 A55 CT-2017-014 09/09/2019 Ej.1 09/09/2019 Tesis
© 2021 Derechos Reservados UTECO - Teléfono: +1 809-585-2291 - Correo electrónico: biblioteca@uteco.edu.do​  
Código postal 43000 ​​
Dirección: Avenida Universitaria No. 100, 
Cotuí, Provincia Sánchez Ramírez, República Dominicana - RNC: 404-00059-6